[Event "Wellington Open"]
[Site "Wellington Chess Club"]
[Date "2025.04.18"]
[Round "1.1"]
[White "Hague, Ben"]
[Black "O'Brien, Jarrod"]
[Result "1-0"]
[WhiteElo "2333"]
[BlackElo "1830"]
[WhiteFideId "405647"]
[BlackFideId "4308204"]
[EventDate "2025.04.18"]
[SourceDate ""]

1. e4 c5 2. Nf3 d6 3. d4 cxd4 4. Nxd4 Nf6 5. Nc3 g6 6. Bc4 Bg7 7. Be3 O-O 8. f3
Nc6 9. Qe2 Bd7 10. O-O-O Nxd4 11. Bxd4 Qa5 12. Kb1 Bc6 13. g4 Rab8 14. Bb3 b5
15. h4 b4 16. Nd5 Bxd5 17. exd5 Rfe8 18. h5 Qc7 19. hxg6 hxg6 20. Rh4 Nd7 21.
Qh2 f6 22. Rh1 Kf7 23. Qe2 Nc5 24. Bxc5 Qxc5 25. Ba4 Qxd5 26. Bb3 1-0

[Event "Wellington Open"]
[Site "Wellington Chess Club"]
[Date "2025.04.18"]
[Round "1.2"]
[White "Saglam, Azra Sena"]
[Black "Croad, Nicolas"]
[Result "0-1"]
[WhiteElo "1488"]
[BlackElo "2173"]
[WhiteFideId "4320956"]
[BlackFideId "4300793"]
[EventDate "2025.04.18"]
[SourceDate ""]

1. c4 Nf6 2. Nc3 g6 3. g3 Bg7 4. Bg2 O-O 5. e4 d6 6. Nge2 e5 7. O-O Nc6 8. d3
Nh5 9. f4 f5 10. Rb1 Kh8 11. Be3 a5 12. Qd2 Nd4 13. b4 axb4 14. Rxb4 Nxe2+ 15.
Nxe2 fxe4 16. Bxe4 c6 17. d4 Nf6 18. Bg2 e4 19. d5 c5 20. Rbb1 Ng4 21. Kh1 Re8
22. Rb3 Qa5 23. Qxa5 Rxa5 24. a3 Ra4 25. Rc1 Bf5 26. h3 Nxe3 27. Rxe3 h5 28.
Kh2 Rea8 29. g4 hxg4 30. hxg4 Bxg4 31. Bxe4 Rxa3 32. Rxa3 Rxa3 33. Ng3 g5 34.
Rf1 Ra2+ 35. Kh1 Bh3 36. Re1 gxf4 37. Nh5 Be5 38. Rg1 f3 0-1

[Event "Wellington Open"]
[Site "Wellington Chess Club"]
[Date "2025.04.18"]
[Round "1.3"]
[White "Ker, Anthony F"]
[Black "He, Zachary"]
[Result "1-0"]
[WhiteElo "2212"]
[BlackElo "1466"]
[WhiteFideId "4300084"]
[BlackFideId "4320905"]
[EventDate "2025.04.18"]
[SourceDate ""]

1. e4 e6 2. d4 d5 3. e5 c5 4. c3 Nc6 5. Nf3 Qb6 6. Bd3 Bd7 7. O-O cxd4 8. Re1
dxc3 9. Nxc3 Bb4 10. Bd2 Nge7 11. a3 Bxc3 12. Bxc3 d4 13. Bd2 Qxb2 14. Qe2 Qb6
15. Rab1 Qc7 16. Qe4 Rd8 17. Qg4 Ng6 18. h4 Rg8 19. Qg3 f5 20. h5 Nge7 21. h6
g6 22. Bg5 Rb8 23. Bf6 Nd5 24. Ng5 Nxf6 25. exf6 Kd8 26. Qh4 Kc8 27. f7 Rf8 28.
Nxh7 Rxf7 29. Ng5 Rf8 30. Nxe6 Bxe6 31. Rxe6 Qh7 32. Qf4 Rh8 33. Rxc6+ bxc6 34.
Rxb8+ Kd7 35. Qxd4+ 1-0

[Event "Wellington Open"]
[Site "Wellington Chess Club"]
[Date "2025.04.18"]
[Round "1.4"]
[White "List, Robert"]
[Black "Dive, Russell J"]
[Result "0-1"]
[WhiteElo "1706"]
[BlackElo "2165"]
[WhiteFideId "4303490"]
[BlackFideId "4300106"]
[EventDate "2025.04.18"]
[SourceDate ""]

1. e4 c6 2. d4 d5 3. e5 Bf5 4. Ne2 e6 5. Ng3 Bg6 6. h4 h5 7. Be2 c5 8. Bg5 Qb6
9. Nd2 Nc6 10. Bxh5 Bxh5 11. Nxh5 Nxd4 12. Ng3 Qxb2 13. O-O Qxc2 14. Qe1 Be7
15. Qe3 Qh7 16. f4 Nh6 17. Bxe7 Kxe7 18. Qc3 b6 19. h5 Nhf5 20. Nf3 Nxg3 21.
Nxd4 Ne4 22. Qc1 Qxh5 0-1

[Event "Wellington Open"]
[Site "Wellington Chess Club"]
[Date "2025.04.18"]
[Round "1.5"]
[White "Winter, Ryan"]
[Black "Rajendran, Abhinand"]
[Result "1-0"]
[WhiteElo "2050"]
[BlackElo "1448"]
[WhiteFideId "4306295"]
[BlackFideId "88125521"]
[EventDate "2025.04.18"]
[SourceDate ""]

1. e4 e6 2. d4 d5 3. Nd2 c5 4. Ngf3 dxe4 5. Nxe4 Nd7 6. Bf4 Ngf6 7. Nc3 a6 8.
d5 exd5 9. Nxd5 Nxd5 10. Qxd5 Be7 11. Rd1 O-O 12. Be2 Qb6 13. Qb3 Re8 14. Rd2
Nf6 15. Qxb6 1-0

[Event "Wellington Open"]
[Site "Wellington Chess Club"]
[Date "2025.04.18"]
[Round "1.6"]
[White "Wen, Sandy"]
[Black "Archer, Ollie"]
[Result "0-1"]
[WhiteElo "1504"]
[BlackElo "2021"]
[WhiteFideId "4317890"]
[BlackFideId "4317262"]
[EventDate "2025.04.18"]
[SourceDate ""]

1. d4 d5 2. Nf3 Nf6 3. e3 c5 4. b3 Nc6 5. Bb2 Bg4 6. Nbd2 cxd4 7. exd4 e6 8. a3
Bd6 9. Bd3 O-O 10. O-O Rc8 11. Qe1 Bh5 12. Ne5 Qb6 13. c3 Bxe5 14. dxe5 Nd7 15.
c4 d4 16. f4 Nc5 17. Qg3 Nxd3 18. Qxd3 Bg6 19. Qg3 Na5 20. Rac1 f6 21. c5 Qb5
22. Bxd4 Rfd8 23. Qc3 Rd5 24. exf6 Rcd8 25. Be3 Rd3 26. Qe5 Qd7 27. fxg7 Nc6
28. Qb2 Rxe3 29. Nc4 Rd3 30. Nd6 Qxg7 31. Qe2 Nd4 32. Qg4 Nf5 33. Rf3 Qd4+ 34.
Rf2 Rd2 35. Qf3 Nxd6 36. cxd6 Rxd6 37. Rc8+ Rd8 38. Rxd8+ Qxd8 39. Qe3 Rd1+ 40.
Rf1 Rxf1+ 41. Kxf1 Qd3+ 42. Kf2 Qxe3+ 43. Kxe3 Kf7 44. Kd4 Kf6 45. g4 Bc2 46.
b4 Bd1 47. h3 Bf3 48. Ke3 Bc6 49. h4 e5 50. fxe5+ Kxe5 51. h5 h6 52. g5 hxg5
53. Kf2 Kf4 54. h6 Be4 0-1

[Event "Wellington Open"]
[Site "Wellington Chess Club"]
[Date "2025.04.18"]
[Round "1.7"]
[White "Young, Cohen"]
[Black "Swinburne, McKenzie S E (Zion)"]
[Result "1-0"]
[WhiteElo "2041"]
[BlackElo "1423"]
[WhiteFideId "4317440"]
[BlackFideId "0"]
[EventDate "2025.04.18"]
[SourceDate ""]

1. e4 c5 2. Nf3 Nc6 3. d4 cxd4 4. Nxd4 e5 5. Nb5 a6 6. Nd6+ Bxd6 7. Qxd6 Qe7 8.
Qd1 Nf6 9. Nc3 O-O 10. Bg5 h6 11. Nd5 Qd8 12. Nxf6+ gxf6 13. Bxh6 d6 14. Qf3
Ne7 15. Qxf6 Nf5 16. Qxd8 Rxd8 17. exf5 Bxf5 18. O-O-O Rac8 19. Bd3 Be6 20. f4
Bxa2 21. fxe5 d5 22. Bf5 Rc6 23. Bg5 Rb8 24. Rd3 Bc4 25. Rg3 Kf8 26. Rh3 Kg7
27. Rh7+ Kg8 28. Re1 Rg6 29. Bxg6 fxg6 30. Rd7 Kf8 31. Rd8+ Rxd8 32. Bxd8 Ke8
33. Bf6 Bb5 34. e6 Bc6 35. Re3 Kf8 36. Rh3 Ke8 37. Rh8# 1-0

[Event "Wellington Open"]
[Site "Wellington Chess Club"]
[Date "2025.04.18"]
[Round "1.8"]
[White "Addagada, Geetham"]
[Black "Winsley, Nicholas"]
[Result "0-1"]
[WhiteElo "1533"]
[BlackElo "1946"]
[WhiteFideId "4320662"]
[BlackFideId "4315146"]
[EventDate "2025.04.18"]
[SourceDate ""]

1. d4 Nf6 2. Nc3 d5 3. Bf4 Bf5 4. f3 h6 5. g4 Bh7 6. h4 e6 7. e3 c5 8. Nb5 Na6
9. c3 Be7 10. Bd3 O-O 11. h5 Bxd3 12. Qxd3 Ne8 13. Bg3 Nd6 14. Nxd6 Bxd6 15.
Bxd6 Qxd6 16. Ne2 e5 17. dxe5 Qxe5 18. Nf4 Rad8 19. O-O-O d4 20. Ng2 Qd5 21. e4
Qxa2 22. g5 dxc3 23. Qxc3 Qa1+ 24. Kc2 Rxd1 25. Rxd1 Nb4+ 26. Qxb4 Qxd1+ 27.
Kxd1 cxb4 28. gxh6 gxh6 29. Nh4 Kh7 30. Nf5 a5 31. Kc2 a4 32. Nd6 b6 33. Nc4 b5
34. Nd6 Rb8 35. Nxf7 Rc8+ 36. Kb1 b3 37. Nd6 Rg8 38. Kc1 Rg1+ 39. Kd2 a3 40.
bxa3 b2 41. Nxb5 b1=Q 42. Nc3 Qb2+ 43. Kd3 Qxa3 44. Kd4 Qd6+ 45. Nd5 Rg5 46. f4
Rxd5+ 47. exd5 Qxf4+ 48. Kc5 Qc7+ 49. Kd4 Kg7 50. Ke4 Kf6 51. Kd4 Kg5 0-1

[Event "Wellington Open"]
[Site "Wellington Chess Club"]
[Date "2025.04.18"]
[Round "1.9"]
[White "Timergazi, Layla"]
[Black "Shannon, Toby"]
[Result "1-0"]
[WhiteElo "1946"]
[BlackElo "1405"]
[WhiteFideId "4303733"]
[BlackFideId "9999980"]
[EventDate "2025.04.18"]
[SourceDate ""]

1. d4 Nf6 2. c4 g6 3. Nc3 Bg7 4. e4 d6 5. h3 O-O 6. Bg5 h6 7. Be3 e5 8. d5 Nbd7
9. Bd3 c5 10. Nge2 Nb6 11. g4 Ne8 12. Qd2 Kh7 13. Ng3 a6 14. O-O-O Bd7 15. f3
f6 16. h4 Nc8 17. Rdf1 b5 18. g5 h5 19. f4 bxc4 20. Bxc4 f5 21. Bd3 fxe4 22.
Bxe4 Bg4 23. fxe5 Rxf1+ 24. Rxf1 Bxe5 25. Nge2 Ng7 26. Bf4 Qe7 27. Bxe5 Qxe5
28. Rf7 Ne7 29. Nf4 Nf5 30. Rf6 Nxh4 31. Nxg6 Nxg6 32. Bxg6+ Kh8 33. Ne4 Rd8
34. Nxd6 Qxd6 35. Rxd6 Rxd6 36. Be4 Nf5 37. Bxf5 Bxf5 38. Qc3+ Kh7 39. Qe5 1-0

[Event "Wellington Open"]
[Site "Wellington Chess Club"]
[Date "2025.04.18"]
[Round "1.10"]
[White "Rose, Jim"]
[Black "Cummings, Nick"]
[Result "0-1"]
[WhiteElo "1386"]
[BlackElo "1939"]
[WhiteFideId "4326776"]
[BlackFideId "4301218"]
[EventDate "2025.04.18"]
[SourceDate ""]

1. Nf3 Nf6 2. d4 e6 3. e3 c5 4. Bd3 b6 5. Nbd2 Bb7 6. c3 d5 7. O-O Nbd7 8. Re1
Bd6 9. h3 Ne4 10. dxc5 Nexc5 11. Bc2 Nf6 12. Nd4 O-O 13. b4 Ncd7 14. a4 Rc8 15.
Bb2 Bb8 16. a5 e5 17. N4f3 b5 18. Nb3 a6 19. Bf5 g6 20. Bxd7 Nxd7 21. Rc1 Qe7
22. Nbd2 e4 23. Nd4 Ne5 24. Rb1 Nd3 25. Rf1 Qe5 26. f4 exf3 27. Rxf3 Qh2+ 28.
Kf1 Nxb2 29. Rxb2 Rxc3 30. N2b3 Qh1+ 31. Ke2 Qxd1+ 32. Kxd1 Bd6 33. Nc2 d4 34.
Rf6 Be5 35. Rb6 d3 36. Rxb7 dxc2+ 37. Rxc2 Rxb3 38. Re7 Bd6 39. Rd7 Bxb4 40.
Rcc7 Rxe3 41. Ra7 Bxa5 42. Rxa6 Bc3 43. Ra3 b4 44. Rb3 Rg3 45. Re7 Rxg2 46. Re3
Rd8+ 47. Kc1 Rdd2 48. Rbxc3 bxc3 49. Rxc3 Rdf2 0-1

[Event "Wellington Open"]
[Site "Wellington Chess Club"]
[Date "2025.04.18"]
[Round "1.13"]
[White "Zahn, Fabian"]
[Black "Lu, Eason"]
[Result "1-0"]
[WhiteElo "1997"]
[BlackElo "1335"]
[WhiteFideId "24687111"]
[BlackFideId "9999987"]
[EventDate "2025.04.18"]
[SourceDate ""]

1. d4 d5 2. Bf4 Nf6 3. e3 Bf5 4. c4 e6 5. Qb3 Qc8 6. Nc3 c6 7. Nf3 Nbd7 8. h3
Be7 9. a4 O-O 10. a5 Bd8 11. Be2 Bc7 12. Bxc7 Qxc7 13. O-O a6 14. Rfd1 Rab8 15.
Qa3 Rfd8 16. Rac1 e5 17. cxd5 e4 18. d6 Qc8 19. Ne5 Re8 20. Nc4 Re6 21. d5 cxd5
22. Nxd5 Nxd5 23. Rxd5 Bg6 24. b3 Qc6 25. Nb6 Nxb6 26. Rxc6 Nxd5 27. Rc5 Rxd6
28. Bc4 Ne7 29. Rc7 Rd1+ 30. Kh2 Nc6 31. Bxa6 Nxa5 32. Qxa5 bxa6 33. Qxa6 h6
34. Rc8+ Rxc8 35. Qxc8+ Kh7 36. b4 Rb1 37. Qc5 f6 38. b5 Be8 39. b6 Rb5 40. Qc7
1-0

[Event "Wellington Open"]
[Site "Wellington Chess Club"]
[Date "2025.04.18"]
[Round "1.14"]
[White "Wang, Leon"]
[Black "Baker, Ilias Angelo (Leo)"]
[Result "0-1"]
[WhiteElo "1323"]
[BlackElo "1947"]
[WhiteFideId "4329031"]
[BlackFideId "4311116"]
[EventDate "2025.04.18"]
[SourceDate ""]

1. e4 Nf6 2. e5 Nd5 3. d4 d6 4. c4 Nb6 5. Nf3 dxe5 6. Nxe5 N8d7 7. Bf4 g6 8.
Nc3 Nf6 9. Be2 Bg7 10. O-O O-O 11. Qd2 Bf5 12. Rad1 c6 13. Rfe1 Qc8 14. b3 Rd8
15. Bh6 Bh8 16. Qe3 Nbd7 17. Bf3 Nxe5 18. dxe5 Ng4 19. Rxd8+ Qxd8 20. Bxg4 Bxg4
21. h3 Bf5 22. f4 Qa5 23. g4 Be6 24. f5 Bd7 25. Kf1 Rd8 26. Na4 Be8 27. fxg6
hxg6 28. e6 b5 29. exf7+ Bxf7 30. cxb5 cxb5 31. Nc5 Bd4 32. Qxe7 Re8 33. Qxe8+
Bxe8 34. Rxe8+ Kh7 35. Be3 Bxe3 36. Rxe3 Qxa2 37. Re7+ Kg8 38. Re8+ Kf7 39. Re2
Qa1+ 40. Kg2 Qd1 41. Rf2+ Kg8 42. Ne4 Qxb3 43. Nf6+ Kf7 44. Rf3 Qxf3+ 45. Kxf3
Kxf6 46. Ke3 Kg5 0-1

[Event "Wellington Open"]
[Site "Wellington Chess Club"]
[Date "2025.04.18"]
[Round "1.15"]
[White "Wang, Justin Zhide"]
[Black "Annamalai, Karthikeyan"]
[Result "0-1"]
[WhiteElo "1960"]
[BlackElo "1279"]
[WhiteFideId "4312830"]
[BlackFideId "9999985"]
[EventDate "2025.04.18"]
[SourceDate ""]

1. e4 c6 2. Nc3 d5 3. Nf3 Bg4 4. h3 Bxf3 5. Qxf3 e6 6. exd5 cxd5 7. Bb5+ Nc6 8.
O-O Nf6 9. d3 Be7 10. d4 O-O 11. Ne2 Qb6 12. Bxc6 bxc6 13. c3 c5 14. dxc5 Qxc5
15. b4 Qc4 16. Bb2 Ne4 17. Rfd1 Bh4 18. g3 Bf6 19. Nd4 Rac8 20. Rdc1 Bg5 21.
Rc2 Bd2 22. Ne2 Ng5 23. Qg4 Ne4 24. Rd1 f5 25. Qf3 Ng5 26. Qg2 Qxe2 27. Ra1
Nf3+ 28. Kh1 Qe4 29. Rcc1 Bxc1 30. Rxc1 Ng5 31. f4 Qxg2+ 32. Kxg2 Ne4 33. Kf3
Rc4 34. g4 fxg4+ 35. Kxg4 Nf2+ 36. Kg3 Rfxf4 37. Rc2 Nd3 38. Bc1 Rf3+ 39. Kxf3
Ne1+ 40. Ke2 Nxc2 41. Kd2 Nxb4 42. cxb4 Rxb4 0-1

[Event "Wellington Open"]
[Site "Wellington Chess Club"]
[Date "2025.04.18"]
[Round "1.16"]
[White "Thingbaijam, Conan"]
[Black "Ashton, Matthew"]
[Result "0-1"]
[WhiteElo "1273"]
[BlackElo "1873"]
[WhiteFideId "4326792"]
[BlackFideId "4313003"]
[EventDate "2025.04.18"]
[SourceDate ""]

1. e4 c5 2. Nf3 e6 3. d4 cxd4 4. Nxd4 Nc6 5. Nc3 Qc7 6. Be3 a6 7. Be2 Nf6 8. f4
d6 9. Nf3 Be7 10. h3 Bd7 11. Qd2 b5 12. a3 O-O 13. g4 Rfd8 14. f5 exf5 15. gxf5
Ne5 16. Rg1 Bc6 17. Bh6 Bf8 18. Bxg7 Bxg7 19. Qg5 Ng6 20. fxg6 fxg6 21. Qe3 Re8
22. Nd2 d5 23. Bf3 Rad8 24. Qe2 Nxe4 25. Bxe4 dxe4 26. Ncxe4 Bxb2 27. Ra2 Bc3
0-1

[Event "Wellington Open"]
[Site "Wellington Chess Club"]
[Date "2025.04.18"]
[Round "1.20"]
[White "Tanniru, Krishna Sowrya Chowd"]
[Black "Chen, Wei Kai"]
[Result "0-1"]
[WhiteElo "1202"]
[BlackElo "1802"]
[WhiteFideId "4329821"]
[BlackFideId "4304152"]
[EventDate "2025.04.18"]
[SourceDate ""]

1. e4 e5 2. Nf3 Nc6 3. Bb5 Nf6 4. O-O d6 5. Re1 Bg4 6. h3 Bh5 7. d3 Be7 8. Be3
O-O 9. Nbd2 a6 10. Bxc6 bxc6 11. Nf1 Nd7 12. Ng3 Bg6 13. c3 f5 14. exf5 Bxf5
15. d4 e4 16. Nd2 d5 17. c4 Be6 18. Qc2 Bd6 19. cxd5 cxd5 20. Ndf1 Qh4 21. Qe2
g6 22. Rac1 Rfc8 23. Rc2 c5 24. Rec1 c4 25. Qd2 Qd8 26. Bg5 Qc7 27. Be3 a5 28.
a4 Nb6 29. Ra1 Qd7 30. Ne2 Bb4 31. Nc3 Qe8 32. Qd1 Bd7 33. Rcc1 Bxc3 34. Rxc3
Nxa4 35. Rc2 Nb6 36. f3 Ba4 37. Rxa4 Nxa4 38. Bh6 c3 39. bxc3 Nxc3 40. Qd2 Nb5
41. Rb2 Nd6 42. Qf2 Nf5 43. Bf4 a4 44. Nd2 e3 45. Qe2 exd2 46. Qxd2 a3 47. Ra2
Qe6 48. Qb4 Qe7 49. Qb3 Rc4 50. Be5 Nxd4 51. Bxd4 Rxd4 52. Qc3 Qe5 53. Qb3 Rc8
54. Ra1 Rd2 55. Qxa3 Qg3 0-1

[Event "Wellington Open"]
[Site "Wellington Chess Club"]
[Date "2025.04.18"]
[Round "1.21"]
[White "Sethuramalingam, Karthik"]
[Black "Hao, John"]
[Result "1-0"]
[WhiteElo "1807"]
[BlackElo "1182"]
[WhiteFideId "4320964"]
[BlackFideId "4326377"]
[EventDate "2025.04.18"]
[SourceDate ""]

1. d4 d5 2. c4 e6 3. Nf3 Nf6 4. g3 c5 5. cxd5 Nxd5 6. Bg2 Be7 7. O-O O-O 8. e4
Nf6 9. e5 Nd5 10. Nc3 Nb6 11. dxc5 Bxc5 12. Ne4 Be7 13. Qc2 Nc6 14. Rd1 Qc7 15.
Neg5 g6 16. Qe4 h6 17. Nh3 Kg7 18. Bf1 Nd7 19. Bf4 g5 20. Bd3 Rh8 21. Bd2 Ncxe5
22. Nxe5 Qxe5 23. Bc3 1-0

[Event "Wellington Open"]
[Site "Wellington Chess Club"]
[Date "2025.04.18"]
[Round "1.24"]
[White "Panth, Kishore"]
[Black "Malcolm, Aidan"]
[Result "0-1"]
[WhiteElo "1072"]
[BlackElo "1732"]
[WhiteFideId "4329775"]
[BlackFideId "4315073"]
[EventDate "2025.04.18"]
[SourceDate ""]

1. e4 e5 2. Nf3 d5 3. exd5 Nf6 4. Nc3 Bd6 5. d3 O-O 6. Be2 Nbd7 7. O-O Qe8 8.
Re1 a6 9. a4 h6 10. Bf1 Qd8 11. h3 Nh7 12. d4 exd4 13. Nxd4 Qf6 14. Nf3 Nc5 15.
Qd4 Qg6 16. Qh4 Qxc2 17. Ne4 Nb3 18. Nxd6 cxd6 19. Ra3 Nxc1 20. Rc3 Qxb2 21.
Rexc1 Nf6 22. R1c2 Qb6 23. Qd4 Qxd4 24. Nxd4 Nxd5 25. Rc4 Be6 26. Nxe6 fxe6 27.
Re4 Kf7 28. Bc4 Nc7 29. Rce2 d5 30. Bxd5 Nxd5 31. Rxe6 Rae8 32. Rxe8 Rxe8 33.
Rxe8 Kxe8 34. Kf1 Nc3 35. a5 Na4 36. Ke2 Nc5 37. Kd2 Nb3+ 38. Kc3 Nxa5 39. Kb4
Nc6+ 40. Kc5 Ne5 41. Kb6 Nd3 42. Ka5 Nxf2 43. Kb6 Ke7 0-1

[Event "Wellington Open"]
[Site "Wellington Chess Club"]
[Date "2025.04.18"]
[Round "1.25"]
[White "Keith, Matthew"]
[Black "He, Jacob"]
[Result "1-0"]
[WhiteElo "1725"]
[BlackElo "1061"]
[WhiteFideId "4320913"]
[BlackFideId "4320891"]
[EventDate "2025.04.18"]
[SourceDate ""]

1. e4 e5 2. Nf3 Nc6 3. Bb5 Nf6 4. d3 h6 5. Bxc6 bxc6 6. Nxe5 Bd6 7. Nc4 Bc5 8.
d4 Bb6 9. Nxb6 cxb6 10. O-O Nxe4 11. Re1 Qe7 12. f3 d5 13. fxe4 dxe4 14. Nc3
Bf5 15. Qe2 O-O 16. Nxe4 Bxe4 17. Qxe4 Qxe4 18. Rxe4 Rfe8 19. Rxe8+ Rxe8 20.
Kf2 Kf8 21. Bd2 Re6 22. Re1 Ke7 23. Rxe6+ fxe6 24. Kf3 Kf6 25. Ke4 g5 26. c4 c5
27. dxc5 bxc5 28. Be3 a5 29. Bxc5 a4 30. b3 axb3 31. axb3 h5 32. b4 Kf7 33. b5
Ke8 34. Ke5 Kd7 35. Be3 g4 36. c5 h4 37. c6+ Kc7 38. Kxe6 h3 39. gxh3 gxh3 40.
Kd5 Kc8 41. b6 Kb8 42. Bf4+ Ka8 43. b7+ Ka7 44. b8=Q+ Ka6 45. Qb4 Ka7 46. Qb7#
1-0

[Event "Wellington Open"]
[Site "Wellington Chess Club"]
[Date "2025.04.18"]
[Round "1.28"]
[White "Konduri, Rishi"]
[Black "Hatti, Stephen"]
[Result "0-1"]
[WhiteElo "1051"]
[BlackElo "1741"]
[WhiteFideId "110105330"]
[BlackFideId "3246744"]
[EventDate "2025.04.18"]
[SourceDate ""]

1. e4 c5 2. Nf3 Nc6 3. Nc3 e5 4. Bc4 Be7 5. O-O Nf6 6. d3 O-O 7. Ng5 h6 8.
Bxf7+ Rxf7 9. Nxf7 Kxf7 10. Qf3 d6 11. Nd5 Nd4 12. Qe3 Nxc2 13. Qg3 Nxd5 14.
exd5 Nxa1 15. Qf3+ Kg8 16. Qg3 Bh4 17. Qg6 Qf8 18. Bxh6 Bf5 19. Qh5 Qf6 20. f4
gxh6 21. fxe5 Qg5 22. Qf3 Nc2 23. e6 Qe3+ 24. Qxe3 Nxe3 25. Rf3 Bg5 26. g3 Bh3
27. g4 Rf8 28. Kf2 Nd1+ 29. Ke2 Bxg4 30. Kxd1 Bxf3+ 31. Kc2 Bxd5 32. Kc3 Bxe6
33. d4 Bf6 34. b4 Bxd4+ 35. Kd3 Rf3+ 36. Ke4 Rf2 37. h4 Kf7 38. a4 Kf6 39. b5
d5+ 40. Kd3 Bf5# 0-1

[Event "Wellington Open"]
[Site "Wellington Chess Club"]
[Date "2025.04.18"]
[Round "1.29"]
[White "Winsley, Daniel"]
[Black "Sethuramalingam, Niranjana"]
[Result "1-0"]
[WhiteElo "1694"]
[BlackElo "1049"]
[WhiteFideId "4315138"]
[BlackFideId "4326415"]
[EventDate "2025.04.18"]
[SourceDate ""]

1. e4 c5 2. Nf3 d6 3. c3 Nf6 4. Be2 g6 5. O-O Bg7 6. Re1 O-O 7. Bc4 e5 8. d4
Qe7 9. Bg5 h6 10. Bh4 g5 11. Bg3 Rd8 12. dxe5 dxe5 13. Qb3 Nc6 14. Bd5 Nxd5 15.
exd5 Na5 16. Qb5 b6 17. Bxe5 Qf8 18. Nbd2 Rxd5 19. Nb3 Nxb3 20. axb3 Bg4 21.
Bxg7 Qxg7 22. Qe2 Bxf3 23. Qxf3 Rdd8 24. Re7 Rf8 25. h3 a5 26. Qc6 Rab8 27. Rd1
Rfd8 28. Rd6 Rxd6 29. Qxd6 Qf8 30. Qe5 f6 31. Qe6+ Kh8 32. Rf7 Qg8 33. Qxf6+
1-0

[Event "Wellington Open"]
[Site "Wellington Chess Club"]
[Date "2025.04.18"]
[Round "1.31"]
[White "Ha, Timothy Huy Minh"]
[Black "Kierstead, James"]
[Result "1-0"]
[WhiteElo "1751"]
[BlackElo "992"]
[WhiteFideId "12417246"]
[BlackFideId "4315065"]
[EventDate "2025.04.18"]
[SourceDate ""]

1. Nf3 d6 2. g3 c5 3. Bg2 Nc6 4. d4 cxd4 5. Nxd4 Nxd4 6. Qxd4 Qd7 7. O-O Nf6 8.
c4 g6 9. Nc3 Bg7 10. Qd3 O-O 11. Rb1 Rb8 12. b3 a6 13. a4 b6 14. Bg5 e6 15.
Rfd1 Ne8 16. Qd2 Bb7 17. e4 Bc6 18. Bh6 Bxh6 19. Qxh6 Qb7 20. Re1 b5 21. axb5
axb5 22. Qg5 bxc4 23. bxc4 Qc7 24. Rxb8 Qxb8 25. Rb1 Qc7 26. Qe3 Nf6 27. h3 Bd7
28. Qd4 e5 29. Qd3 Be6 30. Nd5 Nxd5 31. cxd5 Bd7 32. Qd2 Rb8 33. Rc1 Qd8 34.
Kh2 Rc8 35. f4 Rxc1 36. Qxc1 f6 37. h4 Kg7 38. Qe3 h6 39. Qa7 Kf8 40. fxe5 fxe5
41. Qe3 Kg7 42. Bh3 Bxh3 43. Kxh3 Qd7+ 44. Kg2 Qe7 45. Kf2 Qf7+ 46. Ke2 Qc7 47.
Kd2 Qd7 48. Qf3 Qa7 49. g4 Qd7 50. g5 Qe7 51. Qg4 h5 52. Qf3 Qd8 53. Qf2 Qe7
54. Kc3 Kh7 55. Kb4 Qb7+ 56. Ka5 Qc7+ 57. Qb6 Qd7 58. Qc6 Qe7 59. Kb6 Kg7 60.
Qc7 Kf7 61. Qxe7+ Kxe7 62. Kc7 Kf7 63. Kxd6 Ke8 64. Kxe5 Ke7 65. d6+ Kf7 66. d7
Ke7 67. d8=Q+ Kxd8 68. Kf6 Kd7 69. Kxg6 Ke6 70. Kh7 Ke5 71. g6 Kxe4 72. g7 Kf3
73. g8=Q Kf4 74. Qc4+ Kg3 75. Kg6 Kg2 76. Qb3 Kf2 77. Kf5 Kf1 78. Kf4 Kg2 79.
Qc2+ Kh1 80. Kg3 1-0

[Event "Wellington Open"]
[Site "Wellington Chess Club"]
[Date "2025.04.18"]
[Round "1.33"]
[White "Lieser, Joshua"]
[Black "Ravi, Vrajesh"]
[Result "1-0"]
[WhiteElo "1749"]
[BlackElo "847"]
[WhiteFideId "4326385"]
[BlackFideId "4326407"]
[EventDate "2025.04.18"]
[SourceDate ""]

1. e4 c5 2. Nf3 g6 3. d4 cxd4 4. Nxd4 Nc6 5. Nc3 Bg7 6. Be3 Nf6 7. Be2 O-O 8.
O-O d6 9. h3 Qa5 10. a3 d5 11. Nb3 Qd8 12. exd5 Ne5 13. Bf4 Ned7 14. Qd2 Nb6
15. Rad1 a6 16. d6 exd6 17. Qxd6 Qxd6 18. Bxd6 Rd8 19. Bc7 Rxd1 20. Rxd1 Nbd7
21. Bf3 Ne8 22. Ba5 Ne5 23. Be4 Nf6 24. Rd8+ Bf8 25. Bb4 Nfd7 26. Nc5 Nxc5 27.
Bxc5 Nd7 28. Bb4 Kg7 29. Bxf8+ Nxf8 30. Nd5 Ne6 31. Re8 Nc5 32. Bf3 Na4 33. b3
Nc5 34. Nb6 Bd7 35. Rxa8 Bf5 36. b4 Na4 37. Nxa4 b5 38. Nc3 Bxc2 39. Rxa6 Bd3
40. Be2 1-0

[Event "Wellington Open"]
[Site "Wellington Chess Club"]
[Date "2025.04.18"]
[Round "2.1"]
[White "Lu, Xiahan (Luna)"]
[Black "Hague, Ben"]
[Result "0-1"]
[WhiteElo "1808"]
[BlackElo "2333"]
[WhiteFideId "4317076"]
[BlackFideId "405647"]
[EventDate "2025.04.18"]
[SourceDate ""]

1. d4 d5 2. c4 dxc4 3. e3 e5 4. Bxc4 Nc6 5. Nf3 e4 6. Nfd2 Qg5 7. g3 Nf6 8. Nc3
Bb4 9. Nb5 O-O 10. O-O Bg4 11. Be2 Bxd2 12. Bxd2 Qh5 13. Nc3 Bf3 14. Re1 Qf5
15. Qc2 Nb4 16. Qd1 Nd3 17. Rf1 Nxb2 18. Qe1 Qh3 0-1

[Event "Wellington Open"]
[Site "Wellington Chess Club"]
[Date "2025.04.18"]
[Round "2.2"]
[White "Chen, Wei Kai"]
[Black "Ker, Anthony F"]
[Result "1/2-1/2"]
[WhiteElo "1802"]
[BlackElo "2212"]
[WhiteFideId "4304152"]
[BlackFideId "4300084"]
[EventDate "2025.04.18"]
[SourceDate ""]

1. b3 c5 2. Bb2 Nc6 3. e3 e5 4. f4 exf4 5. Nf3 fxe3 6. Bd3 exd2+ 7. Qxd2 Nf6 8.
O-O Be7 9. c4 d5 10. cxd5 Qxd5 11. Nc3 Qd8 12. Rad1 O-O 13. Qf2 Qc7 14. h3 Be6
15. Ne4 Nxe4 16. Bxe4 Rad8 17. Rde1 Nd4 18. Nxd4 cxd4 19. Bd3 Bf6 20. Qe2 Qe7
21. Qe4 g6 22. Qf4 Bg7 23. Bc1 a6 24. Qg3 Rc8 25. Bg5 Qc7 26. Bf4 Qa5 27. Re2
Rfe8 28. Rfe1 Bd7 29. Bd2 Qb6 30. Rxe8+ Bxe8 31. Bc4 Bb5 32. Bd5 Bc6 33. Bc4
Qc7 34. Bf4 Qd7 35. Bg5 Re8 36. Rf1 Bd5 37. Bd3 b5 38. Rc1 Be4 39. Rc7 Qf5 40.
Re7 Rc8 41. Rxe4 Qc5 42. Bd2 Qa3 43. Qe1 Qf8 44. a4 Bf6 45. axb5 axb5 46. Bxb5
Kg7 47. Re8 Qc5 48. Rxc8 Qxc8 49. Bc4 Qc6 50. Qf1 Qd6 51. Qf4 Qe7 52. Qh6+ Kg8
53. Qf4 Kg7 54. b4 Be5 55. Qf3 Bb8 56. Bf4 Qe1+ 57. Kh2 Qxb4 58. Bxb8 Qxb8+ 59.
Kg1 Qc7 60. Qd5 Qf4 61. Qf3 Qxf3 62. gxf3 f5 63. f4 h6 64. Kf2 g5 65. Bd3 Kf6
66. Kf3 Ke6 67. Bc4+ Kf6 68. Bd3 Ke6 1/2-1/2